000
00237nam a2200097Ia 4500
008
190216s9999||||xx |||||||||||||| ||und||
100
_a
Karapram Sukumaran Nair
245
0
_a
Oru Charithravum Randukathukalum
260
_b
Null
942
_c
BK
999
_c
23559
_d
23559